Balasaraswati, (Record no. 58371)

MARC details
000 -LEADER
fixed length control field 00608cam a22001931 4500
001 - CONTROL NUMBER
control field sa 64004203
003 - CONTROL NUMBER IDENTIFIER
control field DLC
005 - DATE AND TIME OF LATEST TRANSACTION
control field 20260227112023.0
008 - FIXED-LENGTH DATA ELEMENTS--GENERAL INFORMATION
fixed length control field 781018s1963 ii cj 000 0beng
010 ## - LIBRARY OF CONGRESS CONTROL NUMBER
LC control number sa 64004203
025 ## - OVERSEAS ACQUISITION NUMBER
Overseas acquisition number PL480:I-E-2710
040 ## - CATALOGING SOURCE
Original cataloging agency DLC
Transcribing agency DLC
Modifying agency DLC
050 00 - LIBRARY OF CONGRESS CALL NUMBER
Classification number GV1785.B34
Item number N3
100 2# - MAIN ENTRY--PERSONAL NAME
Personal name Narayana Menon, Vatakke Kurupath,
Dates associated with a name 1911-
245 00 - TITLE STATEMENT
Title Balasaraswati,
Statement of responsibility, etc. by Narayana Menon. Photographs by Marilyn Silverstone.
260 ## - PUBLICATION, DISTRIBUTION, ETC.
Place of publication, distribution, etc. New Delhi,
Name of publisher, distributor, etc. Inter-national Cultural Centre
Date of publication, distribution, etc. [1963?]
300 ## - PHYSICAL DESCRIPTION
Extent 23 p.
Other physical details geneal. tables, ports. (part col.)
Dimensions 28 cm.
600 00 - SUBJECT ADDED ENTRY--PERSONAL NAME
Personal name Balasaraswati.

No items available.

Powered by Koha